Citation de Game of Thrones (QCM) - Statistiques

Statistiques générales
  • Ce quiz a été pris 565 fois
  • Le résultat moyen est 6 sur 10
Statistiques - réponses
Question Réponse % Correct
"Un Lannister paie toujours _____." ses dettes
99%
"Sache qu’il n’y a qu’un dieu, ce dieu c’est la mort. À la mort on ne dit qu’une chose : « _____. »" Pas aujourd’hui
91%
"Un lion ne se soucie guère de ce que pensent les _____." moutons
86%
"Si vous voulez une pute, prenez-la. Si vous voulez une reine, _____." gagnez-la
75%
"Il n’y a pas de mot pour dire _____ en Dothraki." merci
66%
"Les gens apprennent à aimer _____." leurs chaînes
44%
"Pourquoi tous les dieux sont-ils des connards malveillants ? Où est le dieu _____ et du vin ?" des tétons
43%
"Il ne s’arrête de manger que lorsque c’est l’heure de _____." boire
37%
"Faire la guerre est plus simple que _____." d’élever ses filles
37%
"Le gros poisson mange le petit poisson, et je continue _____ au milieu" de barboter
34%
Aucun quiz correspondant
Distribution des résultats
% des personnes avec chaque résultat
Percentile par nombre de réponses
Votre historique - résultats
Vous n’avez pas pris ce quiz